000 00419cam a22001337a 4500
008 180718b2006 xxu||||| |||| 00| 0 eng d
020 _a8188086452
082 _aA99/N315 Z655
245 _aSocio-economic ideas of Jawaharlal Nehru
_cedited by Taufiq A. Nizami
260 _aNew Delhi
_bIcon Pub.
_c2006
300 _a256p.
650 _aNehru, Jawahar Lal - Views on socio-economic aspects
700 _aNizami, Taufiq A.
999 _c406179
_d406179